Часть 1; Дифракционные методы в химии

Bibliographic Details
Parent link:Дифракционные методы в химии: [в 2 ч.]/ Академия наук СССР (АН СССР), Институт химии неводных растворов (ИХНР) ; Академия наук СССР (АН СССР), Институт общей и неорганической химии им. Н. С. Курнакова (ИОНХ) ; Московский государственный университет им. М. В. Ломоносова (МГУ) ; Ивановский химико-технологический институт. Часть 1.— , 1988
Language:Russian
Published: 1988
Subjects:
Format: Book
KOHA link:https://koha.lib.tpu.ru/cgi-bin/koha/opac-detail.pl?biblionumber=248375

MARC

LEADER 00000nam2a2200000 4500
001 248375
005 20231101232400.0
020 |a RU  |b 87-84844 
035 |a (RuTPU)RU\TPU\book\270158 
090 |a 248375 
100 |a 20140122d1988 k y0rusy5003 ca 
101 0 |a rus 
102 |a RU 
105 |a a z 101zy 
200 0 |a Часть 1 
210 |d 1988 
215 |d 20 см  |a 144 с.  |c ил. 
320 |a Библиогр. в конце статей 
461 1 |0 (RuTPU)RU\TPU\book\225076  |t Дифракционные методы в химии  |o [в 2 ч.]  |o тезисы докладов всесоюзного совещания, 12-16 декабря, Суздаль, 1988 г.  |f Академия наук СССР (АН СССР), Институт химии неводных растворов (ИХНР) ; Академия наук СССР (АН СССР), Институт общей и неорганической химии им. Н. С. Курнакова (ИОНХ) ; Московский государственный университет им. М. В. Ломоносова (МГУ) ; Ивановский химико-технологический институт  |v Часть 1  |d 1988 
606 1 |a Дифракционные методы анализа  |2 stltpush  |3 (RuTPU)RU\TPU\subj\73741  |9 86565 
610 1 |a химические вещества 
610 1 |a рентгенографические исследования 
610 1 |a органические соединения 
610 1 |a фотохимические превращения 
610 1 |a рентгеноструктурный анализ 
610 1 |a кристаллохимия 
610 1 |a кластеры 
610 1 |a ЯМР 
610 1 |a ЯМР-спектроскопия 
610 1 |a синтез 
610 1 |a строение 
610 1 |a физико-химические свойства 
610 1 |a структурная химия 
675 |a 543.44(063)  |z rus  |v 3 
801 0 |a RU  |b RuMRKP  |c 19950417  |g psbo 
801 1 |a RU  |b 63413507  |c 20140122 
801 2 |a RU  |b 63413507  |c 20141215  |g RCR 
942 |c BK